| 000 | 00445cam a2200181ua 4500 | ||
|---|---|---|---|
| 020 |
_a0 85323 464 7 _c3.50 |
||
| 041 |
_aeng _h |
||
| 082 |
_a631.5875 _bCAR/EC |
||
| 100 | _aCarruthens, Ian . | ||
| 245 |
_aEconomics of irrigation / _cIan Carruthens. _hTextual Documents |
||
| 260 |
_a : _bELBS , _c1983. |
||
| 300 | _a300 ; . | ||
| 365 | _a3.50 | ||
| 504 | _a | ||
| 700 | 1 | _aClark collin, . | |
| 942 | _cBK | ||
| 999 |
_c2814 _d2814 |
||